书目信息 |
| 题名: |
建筑保护与再生
|
|
| 作者: | 费腾 主编 | |
| 分册: | ||
| 出版信息: | 哈尔滨 黑龙江科学技术出版社 2019.12 |
|
| 页数: | 233页 | |
| 开本: | 29cm | |
| 丛书名: | 当代建筑创作理论与创新实践系列 | |
| 单 册: | ||
| 中图分类: | TU-87 | |
| 科图分类: | ||
| 主题词: | 建筑物--jian zhu wu--保护--研究 | |
| 电子资源: | ||
| ISBN: | 978-7-5719-0346-6 | |
| 000 | 01232nam 2200289 450 | |
| 001 | CAL 0120217292029 | |
| 005 | 20230307174146.12 | |
| 010 | @a978-7-5719-0346-6@b精装@dCNY198.00 | |
| 100 | @a20211102d2019 em y0chiy0120 ea | |
| 101 | 0 | @achi@eeng |
| 102 | @aCN@b230000 | |
| 105 | @aab a 000yy | |
| 106 | @ar | |
| 200 | 1 | @a建筑保护与再生@Ajian zhu bao hu yu zai sheng@d= Building protection and regeneration@f费腾主编@zeng |
| 210 | @a哈尔滨@c黑龙江科学技术出版社@d2019.12 | |
| 215 | @a233页@c图, 地图@d29cm | |
| 225 | 2 | @a当代建筑创作理论与创新实践系列@Adang dai jian zhu chuang zuo li lun yu chuang xin shi jian xi lie |
| 300 | @a黑龙江省精品图书出版工程专项资金资助 | |
| 320 | @a有书目 | |
| 330 | @a本书内容包括: 英国工业遗产保护区的保护复兴经验与借鉴 —— 以纽卡斯尔市奥斯本河谷保护区为例、美国工业建筑遗产保护与再生的语境转换与模式研究 —— 以“高线”铁路为例、日常性城市遗产的保护与活力提升 —— 巴黎老商业街管理的启示等。 | |
| 410 | 0 | @12001 @a当代建筑创作理论与创新实践系列 |
| 510 | 1 | @aBuilding protection and regeneration@zeng |
| 606 | 0 | @a建筑物@Ajian zhu wu@x保护@x研究 |
| 690 | @aTU-87@v5 | |
| 701 | 0 | @a费腾@Afei teng@4主编 |
| 801 | 0 | @aCN@bBJXHZP@c20230228 |
| 905 | @b1408327-30@dTU-87@e285@f4 | |
| 建筑保护与再生= Building protection and regeneration/费腾主编.-哈尔滨:黑龙江科学技术出版社,2019.12 |
| 233页:图, 地图;29cm.-(当代建筑创作理论与创新实践系列) |
| 黑龙江省精品图书出版工程专项资金资助 |
| ISBN 978-7-5719-0346-6(精装):CNY198.00 |
| 本书内容包括: 英国工业遗产保护区的保护复兴经验与借鉴 —— 以纽卡斯尔市奥斯本河谷保护区为例、美国工业建筑遗产保护与再生的语境转换与模式研究 —— 以“高线”铁路为例、日常性城市遗产的保护与活力提升 —— 巴黎老商业街管理的启示等。 |
| ● |
| 相关链接 |
|
|
|
|
正题名:建筑保护与再生
索取号:TU-87/285
 
预约/预借
| 序号 | 登录号 | 条形码 | 馆藏地/架位号 | 状态 | 备注 |
| 1 | 1408327 | 214083276 | 第二样本阅览室/ [索取号:TU-87/285] | 在馆 | |
| 2 | 1408328 | 214083285 | 第三借阅区/ [索取号:TU-87/285] | 在馆 | |
| 3 | 1408329 | 214083294 | 第三借阅区/ [索取号:TU-87/285] | 在馆 | |
| 4 | 1408330 | 214083301 | 第三借阅区/ [索取号:TU-87/285] | 在馆 |